[Event "Superettan(Lulea-Orgryte)"]
[Site "?"]
[Date "2012.03.11"]
[Round "9"]
[White "Arnelind, Mikael"]
[Black "Engstrom, Kaj"]
[Result "0-1"]
[WhiteElo "2193"]
[BlackElo "2258"]
[PlyCount "72"]

1. d4 c5 2. d5 e5 3. e4 a6 4. a4 d6 5. Nc3 Be7 6. Nf3 Bg4 7. Be2 Bxf3 8. Bxf3
Bg5 9. Bxg5 Qxg5 10. a5 Nh6 11. Ra3 Nd7 12. Qd2 Qe7 13. h4 O-O 14. g4 Kh8 15.
Ne2 Rfb8 16. Ng3 b6 17. g5 Ng8 18. Nf5 Qf8 19. h5 bxa5 20. g6 Rxb2 21. h6 Nxh6
22. Nxh6 gxh6 23. gxh7 Nf6 24. Ke2 Rab8 25. Rxa5 R8b4 26. Rg1 Rc4 27. Rc1 Nxe4
28. Qd3 Rd4 29. Qxa6 Kxh7 30. Qa7 Ng5 31. Bg2 Qc8 32. Kf1 Qg4 33. Raa1 Rxc2 34.
Re1 Rxf2+ 35. Kxf2 Rd2+ 36. Ke3 Qf4# 0-1

[Event "Superettan(Lulea-Orgryte)"]
[Site "?"]
[Date "2012.03.11"]
[Round "9"]
[White "Marklund, Niklas"]
[Black "Eksmyr, Johan"]
[Result "0-1"]
[WhiteElo "2234"]
[BlackElo "2114"]
[PlyCount "66"]

1. d4 Nf6 2. c4 g6 3. Nc3 d5 4. cxd5 Nxd5 5. Bd2 Bg7 6. e4 Nb6 7. Be3 O-O 8.
Bb5 c6 9. Be2 Be6 10. Nf3 Nc4 11. Bc1 b5 12. h3 Qb6 13. b3 Nd6 14. O-O Qa5 15.
Qc2 c5 16. Nd5 Bxd5 17. exd5 cxd4 18. Bb2 Rc8 19. Qb1 Qb6 20. Rd1 Rc3 21. Bxc3
dxc3 22. Qd3 Nd7 23. Nd4 Nc5 24. Qxc3 Nf5 25. Rac1 Nxd4 26. Rxd4 Nxb3 27. Qxb3
Bxd4 28. Qf3 Rd8 29. Rc6 Qa5 30. Qe4 Qe1+ 31. Kh2 Bxf2 32. h4 Qg1+ 33. Kh3 Qh1+
0-1

[Event "Superettan(Lulea-Orgryte)"]
[Site "?"]
[Date "2012.03.11"]
[Round "9"]
[White "Svedberg, Hans"]
[Black "Pousette, Gunnar"]
[Result "1-0"]
[WhiteElo "2089"]
[BlackElo "2115"]
[PlyCount "69"]

1. e4 c5 2. Nf3 d6 3. d4 cxd4 4. Nxd4 Nf6 5. Nc3 g6 6. Be3 Bg7 7. Be2 Nc6 8.
Qd2 O-O 9. O-O-O Ng4 10. Bxg4 Bxg4 11. f3 Bd7 12. Kb1 Ne5 13. b3 Rc8 14. h4 h5
15. Nce2 a5 16. Bh6 Bh8 17. Bxf8 Qxf8 18. Qxa5 Rc5 19. Qd2 Bg7 20. f4 Ng4 21.
Nc1 Nf6 22. Rhe1 Bg4 23. Nf3 Nd7 24. e5 dxe5 25. Nd3 Rd5 26. Qe3 Ra5 27. Ndxe5
Nxe5 28. fxe5 Qa8 29. Qb6 Qa6 30. Rd8+ Bf8 31. Qxa6 bxa6 32. c4 Kg7 33. Kb2 e6
34. Rxf8 Kxf8 35. b4 1-0

[Event "Superettan(Lulea-Orgryte)"]
[Site "?"]
[Date "2012.03.11"]
[Round "9"]
[White "Radovic, Stefan"]
[Black "Goransson, Michael"]
[Result "1/2-1/2"]
[WhiteElo "2191"]
[BlackElo "2005"]
[PlyCount "61"]

1. c4 Nf6 2. g3 c5 3. Bg2 Nc6 4. Nc3 e6 5. Nf3 Be7 6. O-O O-O 7. d4 cxd4 8.
Nxd4 a6 9. b3 Qc7 10. Bb2 b6 11. Rc1 Bb7 12. Nd5 exd5 13. cxd5 Bc5 14. dxc6
dxc6 15. Nf5 Rad8 16. Qc2 Bc8 17. Bxf6 gxf6 18. Be4 Rfe8 19. Rfd1 Qe5 20. Rxd8
Rxd8 21. Nh4 h5 22. Bxc6 Qd4 23. e3 Qd2 24. Bf3 Bh3 25. Ng2 Ba3 26. Qxd2 Rxd2
27. Rd1 Rxa2 28. Nf4 Bg4 29. Kg2 Bc5 30. Rd3 Bb4 31. Nxh5 1/2-1/2